[Event "Interpolis-02"]
[Site "Tilburg"]
[Date "1978.09.03"]
[Round "3"]
[White "Spassky, Boris Vasilievich"]
[Black "Timman, Jan H"]
[Result "1/2-1/2"]
[WhiteElo "2630"]
[BlackElo "2585"]
[Annotator "Ftacnik,L"]
[PlyCount "107"]
[EventDate "1978.09.01"]
[EventType "tourn"]
[EventRounds "11"]
[EventCountry "NED"]
[EventCategory "14"]
[SourceTitle "MCL"]
[Source "ChessBase"]
[SourceDate "1999.07.01"]
[SourceVersion "1"]
[SourceVersionDate "1999.07.01"]
[SourceQuality "1"]

1. e4 d6 2. d4 Nf6 3. Nc3 g6 4. g3 Bg7 5. Bg2 O-O 6. Nf3 Bg4 (6... c5 7. dxc5
Qa5 8. cxd6 Nxe4 9. dxe7 Re8 10. O-O Nxc3 11. bxc3 Bxc3 12. Rb1 Nc6 $10) 7. Be3
Nc6 8. h3 Bxf3 9. Qxf3 e5 10. dxe5 dxe5 11. O-O (11. Rd1 Nd4 (11... Qe7 $142 {
/\ 12...Qb4} 12. a3 $5 (12. Bg5 Nd4 13. Rxd4 exd4 14. Nd5 Qxe4+ 15. Qxe4 Nxe4
16. Bxe4 Rae8 $1 17. f3 f5 18. Nxc7 Re5) 12... Rad8 $10) 12. Bxd4 exd4 13. O-O)
11... Nd4 12. Qd1 (12. Bxd4 Qxd4 $10) 12... Qe7 {(/\ 13...Qb4)} 13. Nb1 (13.
Bxd4 Rad8) (13. Ne2 Rad8) 13... h5 $1 (13... Qb4 14. b3) 14. Nd2 h4 15. Bxd4 $2
(15. c3 Ne6 16. Nc4 Nh7 (16... Nh5 17. Kh2 Bf6 $1 18. Bf3 Nhg7 {/\ 19...Bg5}))
15... exd4 16. gxh4 (16. e5 Qxe5 17. Nf3 Qb5 18. Nxh4 Qxb2) 16... Nh5 17. Qg4 (
17. f4 $142 d3 $1 (17... Bh6 18. Qg4 Qc5 19. Nb3 Qxc2 20. e5) (17... Qxh4 18.
Qg4 Qe7 19. e5) 18. cxd3 (18. c3 Bh6 19. Qf3 Qc5+ 20. Kh2) 18... Bd4+ 19. Kh2
Nxf4 $1 20. Rxf4 Be5 21. Qf3 Qxh4 22. Rf1 g5) 17... Qc5 (17... Bh6 18. Nb3 Qe5)
18. Qg5 $1 Qxc2 19. Rfc1 Qxb2 20. Nc4 Qb4 21. Bf3 Bf6 22. Qh6 Bg7 23. Qg5 Rfe8
$1 24. Bxh5 (24. Rab1 Qf8 25. Bxh5 Bh6 26. Qg2 Bxc1 27. Rxc1 Qh6) 24... gxh5
25. Rab1 Qa4 $1 (25... Qe7 26. f3 $1 (26. Qxe7 Rxe7 27. Rxb7 Rxe4) (26. Rxb7
Qxe4 27. Rxc7 Re6)) 26. Rxb7 Qc6 $2 (26... Re6 $142 27. Qd5 (27. Kf1 Qxa2)
27... Qe8 $1 28. Rxc7 Rd8 29. Qf5 Rf6) 27. Kh2 Re6 (27... Qxb7 28. Rg1 Kf8 29.
Qxg7+ Ke7 30. Rg5) 28. Rg1 Rg6 29. Qd5 Qxd5 30. exd5 Rd8 31. Rxg6 (31. Rb5 c6
32. dxc6 Rxc6 33. Rbg5 Rg6 34. Rxg6 fxg6 35. Rxg6 d3) 31... fxg6 32. Rxc7 $2 (
32. Rb5 d3 33. Kg2 (33. d6 d2 $1 34. Nxd2 Rxd6) 33... Bh6 (33... Bc3 34. Rb3 d2
35. Ne3 Ba5 (35... Bd4 36. Rd3)) (33... c6 $2 34. dxc6 d2 35. Nxd2 Rxd2 36. c7
$18) 34. d6 $1 cxd6 35. Rd5 $15) 32... Rxd5 33. Rxa7 d3 34. Ne3 d2 35. Nd1 Bh6
(35... Re5 36. Rd7 Bh6 37. Ne3 $10) 36. Kg2 (36. Rb7 Rc5 {/\ 37...Rc1}) 36...
Re5 37. Rb7 Ra5 $2 (37... Re1 $1 38. Rb1 Bf8 (38... Bf4 39. a4 Bc7) 39. a4 Ba3
(39... Bc5 40. a5 Kf7 41. a6 Ke6 42. Ra1 Ba7 43. Rb1 Kd6 (43... Kd5 $2 44. Rb7)
44. Kf3 Kc5 {/\ Kc5-c4-c3-c2 -+}) 40. a5 Bc1 $18) 38. Rb2 Ra4 39. Rb6 $1 Kf7
40. Rd6 Rxa2 41. Kf3 Ra1 (41... Ra4 42. Ne3 Rxh4 43. Kg2 $10 (43. Kg3 Bf4+ $19)
) 42. Ke2 Ra4 43. Ne3 $1 (43. f3 Rxh4 44. Nf2 Ra4 (44... Bf4 45. Rd4) 45. Ne4
Ra2 46. Nxd2 Ke7 47. Rd5 Kf6 48. Ke1 Bxd2+ 49. Rxd2 Rxd2 50. Kxd2 Kg5 $19) (43.
Rd7+ Ke6 44. Rh7 Bf4 45. Rg7 Kf6 46. Rd7 Ra3) 43... Rxh4 44. Nf1 $1 (44. Rxd2
Rxh3) 44... Rxh3 45. Nxd2 Bf4 46. Ne4 Kg7 47. Rd3 Rh4 48. Rd7+ Kh6 49. Kf3 Be5
50. Ng3 Rf4+ 51. Kg2 Rg4 52. Kh3 Kg5 53. Re7 Kf6 54. Rh7 1/2-1/2

[Event "Reggio Emilia 53rd"]
[Site "Reggio Emilia"]
[Date "2011.01.04"]
[Round "7"]
[White "Vallejo Pons, Francisco"]
[Black "Gashimov, Vugar"]
[Result "0-1"]
[WhiteElo "2698"]
[BlackElo "2733"]
[Annotator "Gashimov,V"]
[PlyCount "114"]
[EventDate "2010.12.28"]
[EventType "tourn"]
[EventRounds "9"]
[EventCountry "ITA"]
[EventCategory "18"]
[SourceTitle "CBM 140"]
[Source "ChessBase"]
[SourceDate "2011.01.18"]
[SourceVersion "1"]
[SourceVersionDate "2011.01.18"]
[SourceQuality "1"]

{I was one point behind Vallejo, so winning this game would enable me to catch
him up.} 1. e4 g6 {I did not want to go down simple, forcing variations, and
therefore chose the move in the game.} 2. d4 Bg7 3. Nc3 c6 {This move order
allows Black to avoid many lines. For example, if 4.Be3 there follows 4...d5.}
4. Nf3 d6 (4... d5 5. h3 {and White has a comfortable position.}) 5. Be2 Nf6 6.
O-O O-O 7. h3 Nbd7 8. Bf4 $6 {This move is the start of White's problems. He
should put the bishop on e3.} Qa5 $1 {This is a typical move for such
positions. Already ...e5 is threatened.} 9. Nd2 Qc7 ({If immediately} 9... e5 {
then} 10. Nc4 Qc7 11. dxe5 dxe5 12. Be3 {[%cal Gd1d6]}) 10. a4 (10. Nc4 b5)
10... e5 11. Be3 $6 ({Better was} 11. dxe5 dxe5 12. Be3 Rd8 {[%cal Gd7f8,Gf8e6]
although here too, Black has rich play.}) 11... Ng4 $1 12. Bxg4 exd4 13. Bxd4
Bxd4 14. Nc4 Bc5 15. a5 {White is already worse and I do not think it is right
to give himself new weaknesses. It was better to keep the pawn on a4.} Ne5 16.
Nxe5 dxe5 17. Bxc8 Raxc8 18. Qe2 Bb4 19. a6 b5 {Now the pawn on a6 is cut off
a long way from home, but it is not so simple to win it, because it is guarded
attentively by the rook on a1.} 20. Na2 Be7 21. Nc1 Rfd8 22. Nb3 {White must
keep the pressure on the b5-pawn, else Black will play c6-c5.} (22. Nd3 c5 $15
{[%cal Gc5c4]}) 22... Qb6 23. Rfd1 Kg7 24. Qg4 $6 {White's position is
extremely unpleasant and my opponent tries to activate his queen, which is
wrong. He had to wait passively.} c5 {Now Black is able to advance c5
comfortably, his main objective in the position.} 25. Nd2 c4 26. Nf1 Bc5 27.
Qg3 Rxd1 (27... f6 $5) 28. Rxd1 Qxa6 29. Qxe5+ Qf6 30. Qxf6+ Kxf6 $17 {Black
has given up the e5-pawn for that on a6, but exchanged queens in the process.
Now he has a potential outside passed pawn on the a-file and his bishop is
stronger than the knight.} 31. Rd5 Ke6 $6 {Having achieved a virtually winning
position, I started to play indecisively. Stronger was 31...a5.} (31... a5 32.
Ne3 c3 33. bxc3 a4) 32. g4 a6 $6 {Here too, a5 was stronger.} 33. Nd2 c3 (33...
Bd6 $5 34. Nf3 Rc5) 34. bxc3 Bb6 35. c4 bxc4 36. Kf1 a5 {Finally, I have
played ...a5, but I lost many tempi in the process, which could have cost me
victory in the game and the tournament.} 37. Rb5 Bd8 38. Ke2 a4 39. Nb1 Ra8 40.
Na3 Be7 41. Nxc4 a3 42. Rb6+ Kd7 43. Rb1 {All this was forced, and now I
realised that my planned idea does not work, because of White's 46th move.} Kc6
44. c3 a2 45. Ra1 Kb5 46. Ne3 $2 (46. Nb2 $1 {leads to a draw. This is the
move I had missed when I entered this variation. I should have avoided such a
forcing variation, because sometimes, a move such as Nb2 can change the logic
of a game.}) 46... Bc5 $1 {This move, however, I had seen a long way off.} 47.
Kd3 Bxe3 48. fxe3 {Black's position is winning, but he still needs to play
accurately.} f6 $1 (48... Kc5 $2 49. g5 {White should not be allowed to fix
the kingside pawns, since Black needs to open a file there for his rook.}) 49.
h4 (49. Kd4 $4 Rd8# $1) 49... h5 50. gxh5 gxh5 {Now the g-file is open and the
rook can penetrate White's position along it. The outcome of the game is
decided, and Black wins easily.} 51. Kc2 Kc4 52. Kb2 Rb8+ 53. Kc2 Rg8 54. Rxa2
Rg2+ 55. Kb1 Rxa2 56. Kxa2 Kxc3 57. Kb1 Kd2 0-1

[Event "Julian Borowski 1st"]
[Site "Essen"]
[Date "1999.03.31"]
[Round "5"]
[White "Bischoff, Klaus"]
[Black "Fridman, Daniel"]
[Result "1-0"]
[WhiteElo "2521"]
[BlackElo "2529"]
[Annotator "Gershon,A"]
[PlyCount "83"]
[EventDate "1999.03.??"]
[EventType "tourn"]
[EventRounds "9"]
[EventCountry "GER"]
[EventCategory "14"]
[SourceTitle "CBM 071"]
[Source "ChessBase"]
[SourceDate "1999.08.01"]
[SourceVersion "1"]
[SourceVersionDate "1999.08.01"]
[SourceQuality "1"]

1. e4 d6 2. d4 Nf6 3. Nc3 g6 4. Nf3 Bg7 5. h3 O-O 6. Be3 c6 7. a4 Qa5 8. Nd2
Nbd7 9. Be2 Qc7 (9... Rd8 10. O-O e5 (10... Qc7 11. f4 e5 12. dxe5 dxe5 13. f5
b6 14. Qe1 Bb7 15. Qh4 Rf8 16. Rf2 a6 17. Raf1 b5 18. Bg5 $36 {1/2-1/2 Cooper,
L-Collinson,A/Eastbourne 1990/EXT 97 (38)}) 11. Nc4 Qc7 12. d5 Nb6 13. a5 Nxc4
14. Bxc4 c5 15. f4 exf4 16. Bxf4 Nh5 17. Bh2 Qe7 18. Qf3 Rf8 19. Rae1 Be5 20.
g4 Ng7 21. Bxe5 Qxe5 22. Kg2 Bd7 23. Qf6 Qxf6 24. Rxf6 Ne8 25. Rf3 $14 {
1/2-1/2 Haapasalo,J-Ivanov,M/Heart of Finland op 1997/EXT 99 (58)}) 10. O-O (
10. a5 $5 Rd8 11. O-O Rb8 12. d5 Ra8 13. Ra3 Nf8 14. f4 Bd7 15. Qe1 b5 16. axb6
axb6 17. Qf2 c5 18. Rfa1 Rxa3 19. Rxa3 Ne8 20. Qf1 Rb8 21. Bb5 Bd4 22. Qd3 Bxc3
23. Rxc3 Ra8 24. Rb3 Bxb5 25. Qxb5 $16 {1-0 Ivanov,J-Nogueiras,J/Benasque 1996/
CBM 53 ext (43)}) 10... e5 $6 {A bit premature to my taste. black allows white
to gain control over the important d6 square.} (10... Rd8 $142 {[%cal Ge7e5]}
11. a5 e5 12. dxe5 dxe5 $14) 11. dxe5 dxe5 12. Nc4 Rd8 13. Qd6 Ne8 (13... Qxd6
14. Nxd6 Ne8 15. Rfd1 $32) 14. Qxc7 Nxc7 15. Bg5 $2 {I don't see much sense in
forcing black to play f7-f6 which stregnthens the e5 pawn and losing two
tempos in the process.} (15. Rfd1 $142 $16) (15. Na5 Bf8 {[%cal Gf8b4]}) 15...
f6 16. Be3 Nf8 17. Rfd1 (17. Na5 $2 Nfe6 18. Rfd1 Nd4 19. Bf1 Nce6 $11) 17...
Rxd1+ 18. Rxd1 b6 {[%csl Gc6] not a pleasant decision to make, but it's
difficult to advice anything better.} (18... Be6 19. Na5 $16) (18... Kf7 19.
Nd6+ Ke7 20. Bc5 $18) 19. Rd6 Bd7 20. Bg4 $2 (20. a5 $1 b5 21. Nd2 Kf7 22. Nb3
Nce6 23. Nc5 Ke7 24. Rd1 $16 {[%cal Gc3a2,Ga2b4]}) 20... Be8 $2 {black decides
to wait.} (20... f5 $142 $1 21. exf5 gxf5 22. Bh5 Nd5 $1 $132) 21. h4 $1 h5 22.
Bh3 {Black position reminds a well done FedEx package, all of black pieces
together have 5(!) moves which don't lose immediately.} Na6 23. Nb1 Kf7 24. c3
Nc5 25. Bxc5 bxc5 26. Rd1 Ke7 27. Nba3 Rb8 28. g3 Bh6 29. Kf1 Nd7 30. a5 (30.
Ke2 $6 Nb6 31. a5 Na4 $132 (31... Nxc4 32. Nxc4 Rd8 $16)) 30... Nf8 31. Nd6 Bd7
32. Bxd7 Nxd7 33. Nac4 Ke6 34. a6 {Finally lettin black knight out, but it's
equivalent to ones last with before execution.} Nb6 35. Na5 {[%csl Ga7,Gc5,Gc6,
Gh6]} Bf8 36. Ndb7 Rc8 37. Nxc6 Be7 (37... Rxc6 38. Nd8+) 38. Nxa7 Ra8 39. Nb5
Kf7 (39... Rxa6 40. Nc7+) 40. a7 Nc8 41. Rd7 Ke6 42. Rc7 (42. Rc7 Nxa7 43. Nxa7
Rxa7 44. Nd8+ $18) 1-0

[Event "NED-ch54"]
[Site "Rotterdam "]
[Date "1999.05.30"]
[Round "2"]
[White "Nijboer, Friso"]
[Black "Van der Wiel, John"]
[Result "1-0"]
[WhiteElo "2515"]
[BlackElo "2526"]
[Annotator "Gershon,A"]
[PlyCount "45"]
[EventDate "1999.05.29"]
[EventType "tourn"]
[EventRounds "11"]
[EventCountry "NED"]
[EventCategory "12"]
[SourceTitle "CBM 072"]
[Source "ChessBase"]
[SourceDate "1999.10.01"]
[SourceVersion "1"]
[SourceVersionDate "1999.10.01"]
[SourceQuality "1"]

1. e4 g6 2. d4 Bg7 3. Nc3 c6 4. Nf3 d6 5. h3 Nf6 6. Bf4 (6. Bg5 Qa5 7. Bd3 Nbd7
8. O-O O-O 9. Rb1 e5 10. b4 Qc7 11. Qd2 Re8 12. Rfe1 a6 13. a4 Nf8 14. b5 exd4
15. Nxd4 Ne6 16. b6 Qd7 17. Be3 Nc5 18. Bg5 Nh5 19. Bc4 Bxd4 $6 20. Qxd4 Ne6
21. Bxe6 Qxe6 22. g4 f6 23. Bd2 Ng7 24. Bf4 Rd8 25. Rbd1 $16 {1-0 Usachyi,
M-Franck,R/Biel 1994/EXT 97 (54)}) 6... Qa5 (6... Qb6 7. Rb1 O-O (7... Nbd7 8.
e5 dxe5 9. dxe5 Ng8 10. Bc4 Nf8 11. Ng5 Nh6 12. Qe2 Ne6 13. Nxe6 Bxe6 14. Bxe6
fxe6 15. Qc4 Nf7 16. Qxe6 Qd4 17. Bg3 Nxe5 18. Qb3 Qb6 19. O-O Qxb3 20. axb3
Rd8 21. Ne4 $16 {[%csl Ge7] 1-0 Wexler,B-Kotov,A/Mar del Plata 1957/MCD (56)})
8. Bd3 Nbd7 9. O-O Re8 10. e5 dxe5 11. dxe5 Nd5 12. Nxd5 cxd5 13. b4 Nf8 14.
Qd2 Ne6 15. Bg3 Bd7 16. Rfd1 Rac8 17. a3 a6 18. h4 Rc7 $15 {[%cal Gc8c3] 1-0
Suetin,A-Gipslis,A/Riga 1958/URS-ch (41)}) 7. Bd3 e5 $6 {After this move black
pieces will be tied with the defense of the e5 pawn and when he takes on d4
all white pieces will be aimed against the weak d6 pawn.} (7... Nbd7 $142) 8.
Bh2 Nbd7 9. O-O O-O 10. Re1 Nh5 (10... exd4 11. Nxd4 Ne5 12. Bf1 $14 {[%cal
Gd4b3,Gd1d2,Ga1d1]}) 11. Bf1 Qb6 $2 (11... Qc7) 12. Na4 $1 {White exploits the
bad position of black queen to start his own play on the Q-side as quickly as
possible.} Qa5 $6 {Giving white even more tempos.} 13. c4 Rd8 (13... exd4 14.
Bxd6 Rd8 15. b4 Qa6 16. c5 b5 17. cxb6 Qb7 18. bxa7 Qxa7 19. Nc5 $16) (13... b5
14. cxb5 cxb5 15. Nc3 $16 {[%cal Gc3d5,Gc3b5]}) 14. Rb1 exd4 15. b4 Qc7 16. g4
$1 (16. c5 Be5) 16... Nhf6 17. c5 Ne8 (17... Ne5 18. cxd6 Nxf3+ 19. Qxf3 Qd7
20. Nc5 Qe8 21. Rbd1 $16) 18. cxd6 Qb8 {Black has made 5 moves with his queen
so far only to bring it to b8 while most of the other pieces are still on
their initial positions.} (18... Nxd6 19. e5 $18 {[%cal Ge5e6]}) 19. e5 f6 20.
exf6 Bxf6 21. Nc5 Nxd6 22. Qb3+ Kh8 23. Qe6 1-0

[Event "Redbus KO"]
[Site "Southend"]
[Date "1999.04.03"]
[Round "2.1"]
[White "Emms, John M"]
[Black "Pein, Malcolm"]
[Result "1/2-1/2"]
[WhiteElo "2573"]
[BlackElo "2425"]
[Annotator "Gershon,A"]
[PlyCount "96"]
[EventDate "1999.04.??"]
[EventType "k.o."]
[EventRounds "4"]
[EventCountry "ENG"]
[SourceTitle "CBM 071"]
[Source "ChessBase"]
[SourceDate "1999.08.01"]
[SourceVersion "1"]
[SourceVersionDate "1999.08.01"]
[SourceQuality "1"]

1. e4 d6 2. d4 g6 3. Nf3 Nf6 4. Nc3 Bg7 5. Be3 O-O 6. Qd2 a6 (6... Ng4 7. Bg5
h6 8. Bh4 Nc6 9. Bb5 a6 10. Bxc6 bxc6 11. h3 Nf6 12. O-O-O Nd7 13. Rhe1 Nb6 14.
Qd3 a5 15. Nd2 a4 16. f4 a3 17. b3 $14 {1-0 Hebden,M-Tukmakov,V/Benidorm 1993/
EXT 97 (61)}) 7. Bh6 (7. Bd3 Bg4 8. O-O-O e5 9. d5 Bxf3 10. gxf3 Nh5 11. Ne2
Qf6 12. Qb4 b5 13. Qc3 Qe7 14. Qd2 Nd7 15. Ng3 Nf4 16. Kb1 Qh4 17. c4 f5 $36 {
0-1 Carlier,B-Gurevich,D/Cappelle 1995/EXT 97 (48)}) (7. a4 b6 8. Bh6 Bb7 9.
Bd3 Nbd7 10. O-O e6 11. Bxg7 Kxg7 12. Rfe1 c5 13. e5 Ng4 14. Be4 d5 15. Bd3
cxd4 16. Nd1 f6 17. exf6+ Qxf6 18. Qg5 Nh6 19. Qxf6+ Kxf6 20. Nxd4 e5 21. Nb3
Rac8 22. c3 Nf5 23. Ne3 Nxe3 24. Rxe3 Ke6 $11 {1/2-1/2 Gallagher,J-Van Wely,L/
Krumbach 1991/TD (53)}) 7... b5 (7... Bg4 8. O-O-O b5 9. Bxg7 Kxg7 10. Qf4 Qc8
11. e5 Nh5 12. Qe4 Ra7 13. h3 Bxf3 14. Qxf3 Kg8 15. g4 Ng7 16. h4 b4 17. Nd5 c6
18. Ne3 dxe5 19. dxe5 Qe6 20. Nc4 $14 {1/2-1/2 Gallagher,J-Reilly,T/London
1993/TD (43)}) 8. Bd3 (8. Bxg7 Kxg7 9. Bd3 Bb7 10. e5 Nfd7 11. Be4 $6 (11. Qf4)
11... Bxe4 $1 12. Nxe4 d5 13. Ng3 e6 14. a4 bxa4 15. Rxa4 Nb6 16. Ra1 N8d7 17.
O-O $2 (17. h4) 17... c5 18. b3 cxd4 19. Qxd4 Qc7 $15 {0-1 Emms,J-Gurevich,M/
BL2-W 1995/GER-chT2 (60)}) 8... Nc6 9. Bxg7 Kxg7 10. e5 {An interesting pawn
sac if black accepts it.If not, however......} (10. O-O-O Bg4 11. Ne2 e5 12. d5
Ne7 13. Ng3 $14 {[%cal Gh2h5]}) (10. h4 Bg4 $132) 10... dxe5 11. dxe5 Ng4 12.
O-O-O (12. Qf4 $2 Ncxe5 $1 13. Nxe5 Qd6 {Amazingly enough white cannot protect
his knight in the middle of the board.} 14. Nxg6 fxg6 15. Qxd6 exd6 $15) 12...
b4 $1 {Instead of taking the pawn and suffer for it black is the one who makes
the first step.} (12... Ngxe5 13. Nxe5 Nxe5 14. Qe3 Ng4 15. Qf3 Bd7 16. Be4 {
with a good compensation for the pawn.}) 13. Nb1 (13. Ne4 Qd5 14. Kb1 Bf5 $36)
13... Qd5 14. Qf4 Nxf2 (14... Qxa2 15. Bc4 Qa5 16. Rd5 (16. Bd5 Qc5) 16... Qb6
$17) 15. Bc4 Qc5 16. Rd5 Qb6 17. Re1 (17. Rf1 Ng4 {[%cal Gg4e3,Ye3d5,Ye3c4,
Ye3f1]}) 17... Be6 $2 (17... Ng4 $142 {Black should get his knight out of
white's territory as quickly as possible.} 18. h3 Nh6 19. g4 {White still has
some compensation for the pawn, but it's up to him to prove that this 'some'
compensation can become 'sufficient'}) 18. Rd2 Rad8 (18... Bxc4 19. Qxc4 Rad8
20. Rf1 {[%csl Gf2]}) 19. Bxe6 fxe6 20. Qh4 Rxd2 21. Nbxd2 h6 {Black cannot
let white knights start entering his position.However, now he should've seen
his astonishing 23rd move......} 22. Rf1 g5 23. Qg3 {Seems like the knight is
gone!} (23. Nxg5 hxg5 (23... Nxe5 24. Ngf3 $18) 24. Qxg5+ Kf7 25. Qh5+ $11)
23... Qe3 $1 {A very nice practical shot!} 24. Qxf2 $2 (24. Rxf2 Nd4 $1 25. Kd1
{This move,( suggested by fritz after only one second) was probably the move
white has missed.} (25. Nxd4 $4 Qe1#) 25... Nf5 26. Re2 Qxe2+ 27. Kxe2 Nxg3+
28. hxg3 {with a technically winnig endgame.}) 24... Qxf2 25. Rxf2 g4 26. Re2
gxf3 27. Nxf3 Rf4 $1 {black takes over the very important fourth rank.} 28. Rd2
Re4 29. Rd7 Nxe5 30. Nxe5 (30. Rxe7+ Kf6 31. Rxc7 Nxf3 32. gxf3 Re1+ 33. Kd2
Rh1 34. Ra7 Rxh2+ 35. Kd3 Rf2 $11) 30... Rxe5 31. Rxe7+ Kf6 32. Rh7 h5 33. Kd2
Rc5 34. g3 c6 35. Rh6+ Ke7 36. Kd3 Kd6 37. Rh8 Rg5 38. b3 Rc5 39. Kd2 Rd5+ 40.
Ke3 Ra5 41. Kd3 Rc5 42. Rh7 Rc3+ 43. Kd2 Rc5 44. h4 Rd5+ 45. Ke2 Rc5 46. Kd2
Rd5+ 47. Ke3 Rc5 48. Kd2 Rd5+ 1/2-1/2